00319nam a2200109Ia 4500008004100000020001900041082001800060100003500078245005700113260003000170300000900200210430s9999 xx 000 0 und d a978-8186732946 a693.54 E359 H aEIRI Consultants and Engineers aHandbook of Fibre Glass Moulding /cEiri Consultants aIndiabSudhir Guptac2010 a182p